| 000 | 00829nam a22002057a 4500 | ||
|---|---|---|---|
| 999 |
_c11905 _d11905 |
||
| 003 | AR-CdUCM | ||
| 008 | 190405b ||||| |||| 00| 0 spa d | ||
| 040 |
_aMUNICIPALIDAD PROVINCIAL DEL CUSCO _cBIBLIOTECA MUNICIPAL DEL CUSCO |
||
| 082 |
_a379.985 / _bL55 / 1891 |
||
| 245 | _aLeyes y resoluciones vigentes en materia de instrucción expedidas desde 1876 / | ||
| 260 |
_aLima : _bImprenta y litografia de PeterBacigalupi, _c1891. |
||
| 300 |
_axxxiii 368 paginas ; _c25 cm. |
||
| 505 | _aContenido : Administración de rentas de colegios -- Alumnas del colegio de educandas -- Plan de estudios de instrucción media... | ||
| 650 |
_aInstruccion _929504 |
||
| 650 |
_aCorte superios _929505 |
||
| 650 |
_aPeru _9429 |
||
| 700 |
_aRamirez, Filiberto (Recopilador) _929506 |
||
| 942 |
_2ddc _cLIBROS |
||
| 945 |
_awnts _d2019-04-05 |
||